000 00303nam a2200121Ia 4500
008 220620s9999||||xx |||||||||||||| ||und||
100 _aCarol K. Coburn
245 0 _aLife at Four Corners
546 _aEnglish[eng]
650 _aUnited States
856 _uhttps://muse.jhu.edu/book/81134
942 _cEB
999 _c23264
_d23264